Gestión de proyectos : sistema de gestión de la calidad aplicada a una empresa constructora especializada en estructuras metálicas

Shranjeno v:
Bibliografske podrobnosti
Glavni avtor: Barahona Chaves, Juan Gabriel
Format: Knjiga
Jezik:Spanish
Izdano: San José, [Costa Rica] 2010
Teme:
Oznake: Označite
Brez oznak, prvi označite!

MARC

LEADER 00000nam a22000007a 4500
003 013023
005 20221231144424.0
008 190408b2010 cr a|||| |m|| 00| ||spa d
040 |c cru CEDI 
090 |a TFG 8173 
100 |9 16365  |a Barahona Chaves, Juan Gabriel 
245 |a Gestión de proyectos : sistema de gestión de la calidad aplicada a una empresa constructora especializada en estructuras metálicas 
260 |a  San José, [Costa Rica]  |c 2010 
300 |a  vii, 65 hojas, 97 hojas sin numerar (algunas plegables) : ilustraciones a color  
500 |a Tesis (Sistema de Estudios de Posgrado)--Universidad de Costa Rica. Especialista en Administración de la Construcción  
650 |x EMPRESA SARET (ALAJUELA, COSTA RICA)   |x CONTRUCCION - NORMAS   |x ESTRUCTURAS METALICAS - CONTROL DE CALIDAD   |x ISO 9000  |9 16366 
942 |c TFG 
999 |c 21663  |d 21663